Normal view
MARC view
- Shakti Prakash
Entry Personal Name
001 - CONTROL NUMBER
- control field: 35091
003 - CONTROL NUMBER IDENTIFIER
- control field: OSt
005 - DATE AND TIME OF LATEST TRANSACTION
- control field: 20260402093133.0
008 - FIXED-LENGTH DATA ELEMENTS
- fixed length control field: 260402|| aca||aabn | a|a d
040 ## - CATALOGING SOURCE
- Original cataloging agency: OSt
- Transcribing agency: OSt
100 ## - HEADING--PERSONAL NAME
- Personal name: Shakti Prakash
- Dates associated with a name: Himanshu Gautam
670 ## - SOURCE DATA FOUND
- Source citation: Work cat.: (OSt)7849: Shakti Prakash Himanshu Gautam, Law Relating to Central Armed Police Forces & AR (including leading case laws), 9 October 2024